000 01118nam a2200265Ia 4500
999 _c5717
_d5717
003 OSt
005 20200610002917.0
008 191128s1987 ck fr 000 0 spa d
020 _a9586060098
040 _aCO-JMCR
_cCO-JMCR
041 0 _aspa
082 0 4 _a330.0151 /
_bL865t
_223
100 1 _aLora Torres, Eduardo,
_eautor
_95349
245 1 0 _aTécnicas de medición económica :
_bmetodología y aplicaciones en Colombia /
_cEduardo Lora Torres
250 _aPrimera edición
260 _aBogotá :
_bSiglo veintiuno : Fedesarrollo,
_c1987
300 _a410 páginas ;
_c22 cm.
490 0 _aEconomía y demografía
504 _aBibliografía: páginas 403-410
505 0 _aIndicadores de población -- Indicadores de empleo y desempleo -- Indicadores de nivel de vida, desigualdad y pobreza -- Conceptos de agregación económica -- Indicadores económicos agregados -- Un sistema simplificado de cuentas nacionales
650 1 4 _aIndicadores económicos
_95350
650 1 4 _aRentas nacionales
_xcontabilidad
_zColombia
_95351
650 1 4 _aSistemas de medición económica
_95352
942 _2ddc
_cBK